A Textbook on Design of Reinformed Concrete and Brick Masonry Structures/ (Record no. 210176)
[ view plain ]
| 000 -LEADER | |
|---|---|
| fixed length control field | 00659nam a22001937a 4500 |
| 005 - DATE AND TIME OF LATEST TRANSACTION | |
| control field | 20250307152548.0 |
| 010 ## - LCCN (DPL NO) | |
| LC control number | ENG-143994 |
| 020 ## - INTERNATIONAL STANDARD BOOK NUMBER | |
| International Standard Book Number | 9789387865181 |
| Terms of availability | 200.00 |
| 035 ## - SYSTEM CONTROL NUMBER | |
| System control number | EN-127526 |
| 037 ## - SOURCE OF ACQUISITION | |
| Source of stock number/acquisition | DBAD |
| 082 ## - DEWEY DECIMAL CLASSIFICATION NUMBER | |
| Classification number | 691.3 |
| 100 ## - MAIN ENTRY--PERSONAL NAME | |
| Personal name | Anbuchezian, A. |
| 245 ## - TITLE STATEMENT | |
| Title | A Textbook on Design of Reinformed Concrete and Brick Masonry Structures/ |
| Statement of responsibility, etc | by A. Anbuchezian [and] S. Satish Kumar |
| 260 ## - PUBLICATION, DISTRIBUTION, ETC. (IMPRINT) | |
| Place of publication, distribution, etc | Chennai |
| Name of publisher, distributor, etc | Forschung Publications |
| Date of publication, distribution, etc | 2019 |
| 270 ## - ADDRESS | |
| Address | Mogappair |
| City | Chennai |
| Telephone number | 9626166683 |
| Electronic mail address | forchungpublications@gmail.com |
| 300 ## - PHYSICAL DESCRIPTION | |
| Extent | 72p. |
| Dimensions | 23cm(pb) |
| 700 ## - ADDED ENTRY--PERSONAL NAME | |
| Personal name | S. Satish Kumar |
| Relator term | Author |
| 9 (RLIN) | 79414 |
| 942 ## - ADDED ENTRY ELEMENTS (KOHA) | |
| Source of classification or shelving scheme | Dewey Decimal Classification |
| Item type | English Books |
| Classification part | 691.3 |
| Call number suffix | ANB |
| Withdrawn status | Lost status | Not for loan | Collection code | Home library | Current library | Date acquired | Source of acquisition | Cost, normal purchase price | Full call number | Barcode | Copy number | Cost, replacement price | Koha item type |
|---|---|---|---|---|---|---|---|---|---|---|---|---|---|
| Non-fiction | Patel Nagar | Patel Nagar | 07/03/2025 | DBAD | 200.00 | 691.3 ANB | EN-127526 | 1 | 200.00 | English Books |
